| 000 | 00887 a2200229 4500 | ||
|---|---|---|---|
| 999 |
_c115310 _d115310 |
||
| 003 | BJBSDDR | ||
| 005 | 20230411090724.0 | ||
| 007 | ta | ||
| 008 | 210709b2014 DR ac | |||| 00| 0 spa d | ||
| 040 |
_bspa _cBJBSDDR |
||
| 041 | _aspa | ||
| 050 | 1 | 4 |
_a118 NA 109 _bB333h 2014 |
| 100 | 1 |
_aBatlle Přez, Jos M̌., _d1958- |
|
| 245 | 1 | 4 |
_a Casas histr̤icas de la ciudad primada de Amřica = : Manor houses of the oldest city in America / _cJos M̌ Batlle Přez; Vc̕tor Siladi |
| 260 |
_aSanto Domingo, Repb͠lica Dominicana : _bGrupo Vicini, _c2014. |
||
| 300 |
_a269 p. _bil. _c22 cm |
||
| 650 | 4 |
_aEdificios histr̤icos _97757 _zSanto Domingo (Repb͠lica Dominicana) |
|
| 650 | 4 |
_aArquitectura colonial _916636 _zRepb͠lica Dominicana _zSanto Domingo |
|
| 651 | 4 |
_aSanto Domingo (Repb͠lica Dominicana) _916635 _xEdificaciones |
|
| 700 | 1 |
_916637 _aSiladi, Vc̕tor |
|
| 942 |
_2lcc _cBK |
||